| 000 | 00741nam a22002055i 4500 | ||
|---|---|---|---|
| 001 | 163851 | ||
| 003 | ES-MaACL | ||
| 005 | 20230906212825.0 | ||
| 008 | 050720s1896 xxkabf | |||||||| ||eng | ||
| 100 | 1 |
_aRodway, James. _9131979 |
|
| 245 | 1 | 4 |
_aThe West Indies and the Spanish main / _cby James Rodway. |
| 250 | _a3th imp. | ||
| 260 |
_aLondon : _bT. Fisher Unwin, _c1896 ( _eEdinburgh : _fMorrison and Gibb) |
||
| 300 |
_aXXIV, 371 p., [1] h. de lám., [1] h. de mapa : _bil. ; _c20 cm. |
||
| 490 | 1 |
_aThe story of the nations ; _v57 |
|
| 651 | 4 |
_aAmérica española- _xHistoria. _97723 |
|
| 830 | 1 |
_aThe story of the nations ; _v57 _9221921 |
|
| 852 |
_aES-MaACL _jG-6325 _z- Enc. ed. en tela verde cromolit. |
||
| 999 |
_c163851 _d163851 |
||